000 00540nam a2200169 i 4500
001 42394
003 ES-MaACL
005 20230906160613.0
007 t|
008 030313s1971 sp ||||1| spa d
100 1 _aCastresana Montero, Julián.
_936807
245 1 0 _aTiempos modernos de la historia de España... /
_cJulián Castresana Montero, Gonzalo Novo Romero.
260 _aLa Coruña :
_bRoel,
_c1971.
300 _aXIII, 154 p. :
_bil. ;
_c25 cm.
700 1 _aNovo Romero, Gonzalo.
_986090
852 _aES-MaACL
_jC-41283
_bR.77268
999 _c42394
_d42394